000 00863pam a2200265 a 4500
999 _c6673
_d6673
001 2436783
003 OSt
005 20200225090127.0
008 880628s1989 paua b 001 0 eng c
010 _a 88013311
020 _a0397549628
040 _aDNLM/DLC
_cDLC
_dDLC
082 _aWB 460
_bP341p 1994
100 _aTecklin,Jan stephen;
_910780
245 0 0 _aPediatric physical therapy /
_c[edited by] Jan Stephen Tecklin ; with 14 contributors.
250 _a2nd ed.
260 _aPhiladelphia :
_bLippincott,
_c1994
300 _axiii, 354 p. :
_bill. ;
_c24 cm.
504 _aIncludes bibliographies and index.
650 0 _aPhysical therapy for children.
_910778
650 2 _aPhysical Therapy
_xin infancy & childhood.
_910779
700 1 _aTecklin, Jan Stephen.
_910780
906 _a7
_bcbc
_corignew
_d1
_eocip
_f19
_gy-gencatlg
942 _2z
_cO_SHELF